| 000 | 00000nam 2200000zi 4500 |
| 001 | 9.946790 |
| 003 | CaOODSP |
| 005 | 20250121091710 |
| 006 | m o d f |
| 007 | cr bn||||||||| |
| 008 | 250113t19771977onc obfu f000 0 eng d |
| 040 | |aCaOODSP|beng|erda|cCaOODSP |
| 043 | |an-cn--- |
| 086 | 1 |aNR24-28/1977-1E-PDF |
| 245 | 00|aClimatic information for building design in Canada 1977 : |bsupplement no. 1 to the National Building Code of Canada / |cissued by the Associate Committee on the National Building Code. |
| 246 | 10|aSupplement no. 1 to the National Building Code of Canada |
| 250 | |aSixth edition 1977. |
| 264 | 1|aOttawa : |bNational Research Council of Canada, |c1977. |
| 264 | 4|c©1977 |
| 300 | |a1 online resource (ix, 24 pages) |
| 336 | |atext|btxt|2rdacontent |
| 337 | |acomputer|bc|2rdamedia |
| 338 | |aonline resource|bcr|2rdacarrier |
| 500 | |aIssued also in French under title: Données climatiques pour le calcul des bâtiments au Canada, 1977 : supplément no 1 du Code national du bâtiment Canada. |
| 504 | |aIncludes bibliographical references (page 8). |
| 520 | |a"The great diversity of climate in Canada has a considerable effect on the performance of buildings, consequently their design must reflect this diversity. The purposes of this Supplement are to explain briefly how the design weather values are computed and to present recommended design data for a number of cities, towns and smaller populated places. It is through the use of such data that appropriate allowances can be made for climate variations in different localities of Canada and that the National Building Code can be applied nationally"--Preface, page vii. |
| 650 | 0|aBuilding laws|zCanada. |
| 650 | 0|aBuildings|xStandards|zCanada. |
| 650 | 0|aArchitecture and climate|zCanada|vHandbooks, manuals, etc. |
| 655 | 7|aHandbooks and manuals|2lcgft |
| 710 | 2 |aNational Research Council of Canada. |bAssociate Committee on the National Building Code, |eissuing body. |
| 775 | 08|tDonnées climatiques pour le calcul des bâtiments au Canada, 1977 : |w(CaOODSP)9.946791 |
| 795 | |tClimatic information for building design in Canada 1975 : |w(CaOODSP)9.946708 |
| 856 | 40|qPDF|s1.44 MB|uhttps://publications.gc.ca/collections/collection_2025/cnrc-nrc/NR24-28-1977-1-eng.pdf |
| 986 | |a15556 |